[Event "Trois-Rivieres Mauricie op"]
[Site "Trois Rivieres"]
[Date "2019.03.16"]
[Round "2.2"]
[White "Luskza, Arkadiusz"]
[Black "Hebert, Jean"]
[Result "1/2-1/2"]
[WhiteElo "2190"]
[BlackElo "2393"]
[PlyCount "122"]
[EventDate "2019.03.15"]
[EventType "swiss"]
[EventRounds "5"]
[EventCountry "CAN"]
[SourceTitle "EXT 2022"]
[Source "ChessBase"]
[SourceDate "2021.10.06"]
[SourceVersion "1"]
[SourceVersionDate "2021.10.06"]
[SourceQuality "1"]

1. d4 Nf6 2. Bg5 Ne4 3. Bf4 c5 4. f3 Nf6 5. d5 d6 6. e4 e5 7. Be3 g6 8. c4 Na6 9. Nc3 Nh5 10. Nge2 f5 11. exf5 gxf5 12. Qd2 Bg7 13. Ng3 Nxg3 14. hxg3 Qf6 15. Bh6 Bd7 16. 0-0-0 Nc7 17. g4 Rg8 18. Bd3 Bh8 19. gxf5 Bxf5 20. Ne4 Bxe4 21. Bxe4 Qf7 22. Qc2 b5 23. g4 0-0-0 24. Rh3 Bf6 25. cxb5 Nxb5 26. Be3 Rg7 27. Rdh1 Nd4 28. Bxd4 exd4 29. Rxh7 Qb7 30. Rxg7 Bxg7 31. Rh7 Rf8 32. Qb3 Qxb3 33. axb3 Be5 34. Rxa7 Kb8 35. Rh7 d3 36. Kd2 Bxb2 37. Kxd3 Ka8 38. Rd7 Be5 39. g5 Rb8 40. Kc2 Rb7 41. Rxb7 Kxb7 42. Kd3 Bf4 43. g6 Bh6 44. f4 Kc7 45. Bf3 Kd8 46. Ke4 Ke7 47. Kf5 Bg7 48. Kg5 Kf8 49. Bg4 Ke7 50. f5 Bf6+ 51. Kh6 Kf8 52. Bh3 Bg7+ 53. Kh7 Bf6 54. Kh6 Bg7+ 55. Kg5 Ke7 56. Bf1 Bf6+ 57. Kh6 Kf8 58. Bb5 Bg7+ 59. Kg5 Ke7 60. Bc6 Bf6+ 61. Kh6 Kf8 1/2-1/2